[Event "Utrecht Keres Memorial"]
[Site "Utrecht"]
[Date "2022.05.29"]
[Round "6"]
[White "Baselmans, Luuk"]
[Black "Rosmuller, Anton J"]
[Result "1-0"]
[WhiteElo "2233"]
[BlackElo "2024"]
[PlyCount "41"]
[EventDate "2022.05.27"]
[EventType "swiss"]
[EventRounds "6"]
[EventCountry "NED"]
[SourceTitle "CBM 208 Extra"]
[Source "ChessBase"]
[SourceDate "2022.07.31"]
[SourceVersion "1"]
[SourceVersionDate "2022.07.31"]
[SourceQuality "1"]

1. e4 c6 2. d4 d5 3. exd5 cxd5 4. Bd3 Nc6 5. c3 Nf6 6. Bf4 g6 7. Nf3 Bg7 8. 0-0 0-0 9. Re1 Nh5 10. Bg3 f5 11. Be5 Nxe5 12. Nxe5 f4 13. Nd2 Bf5 14. Ndf3 Qd6 15. c4 dxc4 16. Bxc4+ e6 17. d5 Rad8 18. dxe6 Bxe6 19. Nd7 Rxd7 20. Bxe6+ Qxe6 21. Rxe6 1-0

[Event "Vlissingen HZ op 23rd"]
[Site "Vlissingen"]
[Date "2019.08.07"]
[Round "6"]
[White "Rosmuller, Anton J"]
[Black "Leentjens, Gilbert"]
[Result "1-0"]
[WhiteElo "2073"]
[BlackElo "1869"]
[PlyCount "51"]
[EventDate "2019.08.03"]
[EventType "swiss"]
[EventRounds "9"]
[EventCountry "NED"]
[SourceTitle "CBM 191 Extra"]
[Source "ChessBase"]
[SourceDate "2019.09.30"]
[SourceVersion "1"]
[SourceVersionDate "2019.09.30"]
[SourceQuality "1"]

1. g3 Nf6 2. Bg2 g6 3. f4 d5 4. Nf3 Bg7 5. 0-0 0-0 6. d3 d4 7. c4 Ng4 8. Na3 c5 9. Nc2 Nc6 10. Rb1 a5 11. a3 a4 12. b4 axb3 13. Rxb3 Qc7 14. Bd2 Bd7 15. h3 Ne3 16. Nxe3 dxe3 17. Bxe3 b6 18. Qc1 Ra6 19. Bd2 Re8 20. e3 e5 21. Bc3 Na5 22. Rb1 e4 23. dxe4 Bxc3 24. Qxc3 Rxe4 25. Ne5 Bf5 26. Rbd1 1-0

[Event "Vlissingen HZ op 23rd"]
[Site "Vlissingen"]
[Date "2019.08.06"]
[Round "5"]
[White "Steijn, Sjaak"]
[Black "Rosmuller, Anton J"]
[Result "0-1"]
[WhiteElo "1734"]
[BlackElo "2073"]
[PlyCount "66"]
[EventDate "2019.08.03"]
[EventType "swiss"]
[EventRounds "9"]
[EventCountry "NED"]
[SourceTitle "CBM 191 Extra"]
[Source "ChessBase"]
[SourceDate "2019.09.30"]
[SourceVersion "1"]
[SourceVersionDate "2019.09.30"]
[SourceQuality "1"]

1. d4 g6 2. c4 Bg7 3. Nc3 f5 4. Bg5 Nc6 5. e3 Nf6 6. h4 h6 7. Bxf6 Bxf6 8. Nh3 e5 9. d5 Nb8 10. g4 d6 11. gxf5 gxf5 12. Qh5+ Ke7 13. Rg1 Qe8 14. Qd1 Bxh4 15. c5 Bf6 16. cxd6+ cxd6 17. Qc2 Bd7 18. 0-0-0 Na6 19. a3 Rc8 20. Kb1 b5 21. Qb3 Nc5 22. Qb4 a6 23. f3 Qd8 24. Na2 a5 25. Qd2 Rb8 26. b4 axb4 27. Nxb4 Qb6 28. Nf2 Ra8 29. Ka2 e4 30. fxe4 Rxa3+ 31. Kb1 Qa7 32. Nfd3 Ra1+ 33. Kc2 Qa4# 0-1

[Event "Vlissingen HZ op 22nd"]
[Site "Vlissingen"]
[Date "2018.08.11"]
[Round "9"]
[White "Rosmuller, Anton J"]
[Black "Welten, Hans"]
[Result "1-0"]
[WhiteElo "2069"]
[BlackElo "1911"]
[PlyCount "69"]
[EventDate "2018.08.04"]
[EventType "swiss"]
[EventRounds "9"]
[EventCountry "NED"]
[SourceTitle "CBM 185 Extra"]
[Source "ChessBase"]
[SourceDate "2018.07.29"]
[SourceVersion "1"]
[SourceVersionDate "2018.07.29"]
[SourceQuality "1"]

1. d4 Nf6 2. Nf3 e6 3. g3 b6 4. Bg2 Bb7 5. 0-0 Be7 6. b3 0-0 7. Bb2 c5 8. e3 d5 9. Ne5 Nbd7 10. Nd3 Qc7 11. Re1 Rac8 12. c3 Rfd8 13. Nd2 Qb8 14. f4 Ne4 15. Nxe4 dxe4 16. Nf2 f5 17. Qe2 Nf6 18. c4 Rc7 19. Red1 Qc8 20. g4 Nd7 21. Kh1 Nf8 22. gxf5 exf5 23. d5 Rcd7 24. Bh3 Rd6 25. Rg1 Rg6 26. Nxe4 Re8 27. Ng3 Rxg3 28. Rxg3 Ng6 29. Qh5 Rf8 30. Rag1 Qe6 31. Bg2 Qf7 32. Bf3 Bf6 33. Rh3 h6 34. Bxf6 Qxf6 35. Qxg6 1-0

[Event "Vlissingen HZ op 22nd"]
[Site "Vlissingen"]
[Date "2018.08.06"]
[Round "4"]
[White "Van Gemert, Jean Pierre"]
[Black "Rosmuller, Anton J"]
[Result "0-1"]
[WhiteElo "1811"]
[BlackElo "2069"]
[PlyCount "98"]
[EventDate "2018.08.04"]
[EventType "swiss"]
[EventRounds "9"]
[EventCountry "NED"]
[SourceTitle "CBM 185 Extra"]
[Source "ChessBase"]
[SourceDate "2018.07.29"]
[SourceVersion "1"]
[SourceVersionDate "2018.07.29"]
[SourceQuality "1"]

1. d4 g6 2. Nf3 f5 3. Bf4 Bg7 4. c3 Nf6 5. Nbd2 d6 6. Qc2 0-0 7. h4 Nh5 8. e3 Qe8 9. 0-0-0 Nd7 10. Ng5 Nb6 11. Be2 h6 12. Nh3 e5 13. dxe5 dxe5 14. Bh2 Be6 15. Bxh5 gxh5 16. f3 a5 17. e4 a4 18. Bg1 Nd7 19. Nf2 Qf7 20. exf5 Bxf5 21. Nfe4 Qxa2 22. Nb1 Rf7 23. Be3 Be6 24. Rdg1 Ra6 25. g4 hxg4 26. fxg4 Bb3 27. Qd2 Bd5 28. Qc2 a3 29. g5 hxg5 30. Nxg5 Qxb2+ 31. Qxb2 axb2+ 32. Kxb2 Ra2+ 33. Kc1 Bxh1 34. Nxf7 Kxf7 35. Rxh1 Re2 36. Bg5 e4 37. c4 Ne5 38. Rf1+ Ke6 39. Nc3 Rg2 40. Nxe4 Nxc4 41. Nc5+ Kd5 42. Nxb7 Bb2+ 43. Kd1 Be5 44. Nd8 c5 45. Nf7 Nb2+ 46. Kc1 Bd4 47. h5 Nd3+ 48. Kd1 c4 49. h6 c3 0-1

[Event "Vlissingen HZ op 22nd"]
[Site "Vlissingen"]
[Date "2018.08.05"]
[Round "2"]
[White "Admiraal, Miguoel"]
[Black "Rosmuller, Anton J"]
[Result "1-0"]
[WhiteElo "2479"]
[BlackElo "2069"]
[PlyCount "45"]
[EventDate "2018.08.04"]
[EventType "swiss"]
[EventRounds "9"]
[EventCountry "NED"]
[SourceTitle "CBM 185 Extra"]
[Source "ChessBase"]
[SourceDate "2018.07.29"]
[SourceVersion "1"]
[SourceVersionDate "2018.07.29"]
[SourceQuality "1"]

1. d4 g6 2. e4 Bg7 3. Nf3 d6 4. Bc4 Nf6 5. Qe2 0-0 6. e5 dxe5 7. dxe5 Nd5 8. h3 Nb6 9. Bb3 Nc6 10. 0-0 Nd4 11. Nxd4 Qxd4 12. Re1 Be6 13. Nd2 Qd7 14. Nf3 c6 15. Bg5 Bxb3 16. axb3 Qc7 17. c4 a6 18. b4 Rfe8 19. b3 Rac8 20. Rad1 Rcd8 21. Qe3 Nc8 22. e6 f6 23. Bf4 1-0

[Event "Vlissingen HZ op 21st"]
[Site "Vlissingen"]
[Date "2017.08.08"]
[Round "5"]
[White "Bruggink, Tycho"]
[Black "Rosmuller, Anton J"]
[Result "1-0"]
[WhiteElo "1911"]
[BlackElo "2069"]
[PlyCount "95"]
[EventDate "2017.08.05"]
[EventType "swiss"]
[EventRounds "9"]
[EventCountry "NED"]
[SourceTitle "CBM 179 Extra"]
[Source "ChessBase"]
[SourceDate "2017.08.23"]
[SourceVersion "1"]
[SourceVersionDate "2017.08.23"]
[SourceQuality "1"]

1. e4 c5 2. Nf3 Nc6 3. d4 cxd4 4. Nxd4 Nf6 5. Nc3 d6 6. Be2 e5 7. Nb3 Be7 8. Be3 0-0 9. 0-0 Be6 10. Bf3 Re8 11. h3 a6 12. Qd2 Qc7 13. Rac1 Nb8 14. Rfd1 Nbd7 15. Bg5 h6 16. Be3 Bf8 17. g4 Nb6 18. Nd5 Nfxd5 19. exd5 Bc8 20. Qa5 f5 21. Bxb6 Qf7 22. Qc3 Qg6 23. Kf1 Be7 24. gxf5 Bxf5 25. Bg4 Bxg4 26. hxg4 Qxg4 27. Qg3 Qh5 28. Kg2 Bg5 29. Be3 Rf8 30. Bxg5 hxg5 31. Rd3 Rf4 32. Qh3 Rh4 33. Qe6+ Kh8 34. Rh3 Rf8 35. Rxh4 gxh4 36. Qh3 Qg5+ 37. Kf1 Qf4 38. Ke2 Qf6 39. Rf1 Qg6 40. Kd2 Qh5 41. Qg2 e4 42. Ke3 Rf3+ 43. Ke2 Qxd5 44. Rg1 Qf7 45. Nd2 Rf4 46. Nxe4 d5 47. Nc5 g5 48. Qxg5 1-0

[Event "Vlissingen HZ op 21st"]
[Site "Vlissingen"]
[Date "2017.08.07"]
[Round "4"]
[White "Rosmuller, Anton J"]
[Black "Vedder, Richard"]
[Result "1/2-1/2"]
[WhiteElo "2069"]
[BlackElo "2255"]
[PlyCount "144"]
[EventDate "2017.08.05"]
[EventType "swiss"]
[EventRounds "9"]
[EventCountry "NED"]
[SourceTitle "CBM 179 Extra"]
[Source "ChessBase"]
[SourceDate "2017.08.23"]
[SourceVersion "1"]
[SourceVersionDate "2017.08.23"]
[SourceQuality "1"]

1. Nf3 g6 2. g3 Bg7 3. d4 d6 4. Bg2 c5 5. 0-0 cxd4 6. Nxd4 Qb6 7. c3 Nc6 8. Nc2 Be6 9. Ne3 Nf6 10. Na3 Rc8 11. Qd3 0-0 12. Rd1 a6 13. Nac4 Qc7 14. a4 b5 15. axb5 axb5 16. Na3 b4 17. Nb5 Qb8 18. Bxc6 Rxc6 19. Nd4 Rc7 20. Nxe6 fxe6 21. c4 Qb7 22. Ra5 Ne4 23. f3 Nc5 24. Qb1 b3 25. Bd2 Bd4 26. Kg2 Bxe3 27. Bxe3 Qb4 28. Rxc5 dxc5 29. Qe4 Qb6 30. Bh6 Rcc8 31. Bxf8 Kxf8 32. Rd7 Rd8 33. Rb7 Qd6 34. Rxb3 Kf7 35. Rd3 Qb8 36. Re3 Qb6 37. Qf4+ Kg8 38. Qg4 Kf7 39. Qh4 h5 40. Qf4+ Kg7 41. Qg5 Kf7 42. b3 Rd4 43. Qh6 Qb8 44. Qh7+ Kf6 45. Qh6 Kf7 46. h4 Qd8 47. Qg5 Qb8 48. Qe5 Qd6 49. Qh8 Qd8 50. Qxd8 Rxd8 51. Rd3 Ra8 52. Kf2 Ra2 53. Ke3 Rb2 54. f4 Kf6 55. Kf3 Kf5 56. Re3 Kf6 57. g4 hxg4+ 58. Kxg4 Rb1 59. Re5 Rxb3 60. Rxc5 Re3 61. Re5 Rc3 62. c5 Rc1 63. h5 gxh5+ 64. Rxh5 Rc3 65. Re5 Kf7 66. e3 Ke8 67. Kg5 Kf7 68. Kh6 Kf6 69. Kh5 Kf7 70. Kg4 Ke8 71. Kf3 Kd7 72. Ke2 Rc1 1/2-1/2

[Event "Utrecht OKU op 44th"]
[Site "Utrecht"]
[Date "2017.06.11"]
[Round "6"]
[White "Rosmuller, Anton J"]
[Black "Van der Tuuk, Jaap"]
[Result "1-0"]
[WhiteElo "2070"]
[BlackElo "2132"]
[PlyCount "57"]
[EventDate "2017.06.09"]
[EventType "swiss"]
[EventRounds "6"]
[EventCountry "NED"]
[SourceTitle "CBM 178 Extra"]
[Source "ChessBase"]
[SourceDate "2017.06.22"]
[SourceVersion "1"]
[SourceVersionDate "2017.06.22"]
[SourceQuality "1"]

1. d4 Nf6 2. c4 g6 3. Nc3 Bg7 4. e4 d6 5. Bd3 Nc6 6. d5 Nb8 7. f4 0-0 8. Nf3 e6 9. 0-0 exd5 10. cxd5 c6 11. f5 cxd5 12. exd5 Re8 13. Ng5 Bxf5 14. Bxf5 gxf5 15. Qb3 Nbd7 16. Qxb7 h6 17. Nf3 Ne4 18. h3 Ndc5 19. Qb5 a5 20. Ne2 Ra7 21. Qc4 Rb7 22. Qc2 Rbe7 23. Rb1 Rc7 24. Qd1 a4 25. Nfd4 Re5 26. Nf3 Re8 27. b4 axb3 28. axb3 Rb7 29. Nh4 1-0

[Event "Hoogeveen Unive op 19th"]
[Site "Hoogeveen"]
[Date "2015.10.24"]
[Round "9"]
[White "Kokje, Joris"]
[Black "Rosmuller, Anton J"]
[Result "0-1"]
[WhiteElo "1983"]
[BlackElo "2137"]
[PlyCount "128"]
[EventDate "2015.10.17"]
[EventType "swiss"]
[EventRounds "9"]
[EventCountry "NED"]
[SourceTitle "EXT 2017"]
[Source "ChessBase"]
[SourceDate "2016.10.25"]
[SourceVersion "1"]
[SourceVersionDate "2016.10.25"]
[SourceQuality "1"]

1. f4 d5 2. Nf3 g6 3. e3 Bg7 4. Be2 Nh6 5. 0-0 0-0 6. d3 b6 7. Qe1 Nc6 8. h3 f6 9. Nc3 d4 10. Nxd4 Nxd4 11. exd4 Qxd4+ 12. Kh1 Bb7 13. Bf3 Bxf3 14. Rxf3 Qd7 15. g4 f5 16. g5 Nf7 17. Bd2 Rfe8 18. Qg3 c5 19. Re1 e6 20. Re2 Nd8 21. Nd1 Nc6 22. c3 Qd5 23. a3 Rad8 24. Kh2 Qb3 25. Qe1 Kf7 26. Bc1 Qd5 27. Kg3 Qd6 28. Nf2 h6 29. h4 hxg5 30. hxg5 Ne7 31. Nd1 b5 32. Bd2 Nc6 33. Nf2 a5 34. Kg2 Rh8 35. Nh3 Rde8 36. Qd1 Qd5 37. Qf1 b4 38. axb4 axb4 39. Nf2 Rh2+ 40. Kg3 Reh8 41. Rfe3 e5 42. Rf3 bxc3 43. bxc3 c4 44. dxc4 Qxc4 45. Re1 Qxf1 46. Rxf1 e4 47. Re3 Na5 48. Ra1 Nc4 49. Ra7+ Kg8 50. Ra8+ Bf8 51. Re2 R8h3+ 52. Nxh3 Rxe2 53. Bc1 Rc2 54. Ra1 Rxc3+ 55. Kg2 Bc5 56. Rb1 Rc2+ 57. Kg3 Kf7 58. Rb7+ Be7 59. Rb1 Ke6 60. Nf2 Rc3+ 61. Kg2 e3 62. Bxe3 Nxe3+ 63. Kg1 Nd5 64. Re1+ Kf7 0-1

[Event "Vlissingen HZ op 19th"]
[Site "Vlissingen"]
[Date "2015.08.02"]
[Round "2"]
[White "Rosmuller, Anton J"]
[Black "Ernst, Sipke"]
[Result "0-1"]
[WhiteElo "2142"]
[BlackElo "2544"]
[PlyCount "100"]
[EventDate "2015.08.01"]
[EventType "swiss"]
[EventRounds "9"]
[EventCountry "NED"]
[SourceTitle "CBM 167 Extra"]
[Source "ChessBase"]
[SourceDate "2015.09.14"]
[SourceVersion "1"]
[SourceVersionDate "2015.09.14"]
[SourceQuality "1"]

1. d4 Nf6 2. Nf3 e6 3. g3 b5 4. Bg2 d5 5. 0-0 Ba6 6. Re1 c5 7. Nbd2 cxd4 8. Nxd4 Bc5 9. N2b3 Bb6 10. Bf4 0-0 11. Bxb8 Qxb8 12. e3 Rc8 13. c3 Ne4 14. Bf1 Rc4 15. Nd2 Nxd2 16. Qxd2 Qc7 17. a4 bxa4 18. Qd1 e5 19. Nc2 Bb7 20. Na3 Rc5 21. Qxa4 a6 22. Bg2 Bc6 23. Qg4 Rf8 24. Qe2 f5 25. Rad1 Kh8 26. Rd2 Bb7 27. Nc2 a5 28. f4 Re8 29. fxe5 Rxe5 30. Nd4 a4 31. Qf3 g6 32. g4 Bc8 33. Kh1 Qe7 34. Bh3 f4 35. Qxf4 Bc7 36. Rf2 Bd6 37. Qh6 Qg7 38. Qxg7+ Kxg7 39. Nf3 Re7 40. Kg2 a3 41. bxa3 Rxc3 42. Rd2 Bxa3 43. Nd4 Rexe3 44. Rxe3 Rxe3 45. Rc2 Ba6 46. g5 Bc4 47. Rf2 Be7 48. Ne6+ Kg8 49. Rb2 d4 50. Nxd4 Bd5+ 0-1

[Event "Utrecht OKU op 42nd"]
[Site "Utrecht"]
[Date "2015.06.05"]
[Round "1"]
[White "Rosmuller, Anton J"]
[Black "Hilwerda, Jonas"]
[Result "1-0"]
[WhiteElo "2142"]
[BlackElo "1902"]
[PlyCount "51"]
[EventDate "2015.06.05"]
[EventType "swiss"]
[EventRounds "6"]
[EventCountry "NED"]
[SourceTitle "CBM 166 Extra"]
[Source "ChessBase"]
[SourceDate "2015.06.18"]
[SourceVersion "1"]
[SourceVersionDate "2015.06.18"]
[SourceQuality "1"]

1. d4 Nf6 2. Nf3 h6 3. c4 g5 4. Nc3 Bg7 5. e4 d6 6. Be2 Bg4 7. Be3 Nc6 8. e5 Nd7 9. e6 fxe6 10. h4 Bxf3 11. Bxf3 Nf6 12. hxg5 hxg5 13. Rxh8+ Bxh8 14. Bxg5 Kd7 15. Qa4 Kc8 16. Bxc6 bxc6 17. Qxc6 Rb8 18. 0-0-0 Nd7 19. Nb5 Rb7 20. Rh1 Bf6 21. Bxf6 Nxf6 22. a4 Nd7 23. c5 Nb8 24. Qe4 Qg8 25. c6 Rb6 26. Qxe6+ 1-0

[Event "Utrecht OKU op 41st"]
[Site "Utrecht"]
[Date "2014.06.01"]
[Round "6"]
[White "Rosmuller, Anton J"]
[Black "Ypma, Peter"]
[Result "1-0"]
[WhiteElo "2102"]
[BlackElo "2178"]
[PlyCount "77"]
[EventDate "2014.05.30"]
[EventType "swiss"]
[EventRounds "6"]
[EventCountry "NED"]
[SourceTitle "CBM 160 Extra"]
[Source "ChessBase"]
[SourceDate "2014.07.01"]
[SourceVersion "1"]
[SourceVersionDate "2014.07.01"]
[SourceQuality "1"]

1. d4 e6 2. c4 Bb4+ 3. Nc3 c5 4. e3 cxd4 5. exd4 d5 6. Nf3 Nc6 7. Be2 dxc4 8. Bxc4 Nf6 9. 0-0 0-0 10. Bg5 Be7 11. Re1 a6 12. Bb3 Nb4 13. Ne5 Bd7 14. Qe2 Rc8 15. Rad1 Nfd5 16. Nxd5 Nxd5 17. Bxd5 Bxg5 18. Bxb7 Bb5 19. Qf3 Rc2 20. Qb3 Qc7 21. Be4 Rd2 22. Nf3 Rxd1 23. Qxd1 Bf6 24. a4 Bd7 25. Qd3 Qa5 26. b3 Rc8 27. Rb1 g6 28. g3 Kg7 29. Kg2 Rc3 30. b4 Rxd3 31. bxa5 Ra3 32. Rb6 Bxa4 33. Rxa6 Bd1 34. Ne5 Be2 35. Ra7 Bd8 36. Nxf7 Rxa5 37. Rd7 Bb5 38. Rb7 Bf6 39. Nd6+ 1-0

[Event "Utrecht OKU op 41st"]
[Site "Utrecht"]
[Date "2014.05.31"]
[Round "3"]
[White "Rosmuller, Anton J"]
[Black "Lombaers, Peter"]
[Result "1-0"]
[WhiteElo "2102"]
[BlackElo "2273"]
[PlyCount "77"]
[EventDate "2014.05.30"]
[EventType "swiss"]
[EventRounds "6"]
[EventCountry "NED"]
[SourceTitle "CBM 160 Extra"]
[Source "ChessBase"]
[SourceDate "2014.07.01"]
[SourceVersion "1"]
[SourceVersionDate "2014.07.01"]
[SourceQuality "1"]

1. d4 f5 2. g3 Nf6 3. Bg2 g6 4. d5 Bg7 5. Nh3 c6 6. c4 d6 7. Nf4 0-0 8. h4 e5 9. dxe6 Na6 10. h5 Nxh5 11. Nxh5 gxh5 12. e4 Bxe6 13. Qxh5 Re8 14. Qxh7+ Kf8 15. Nc3 Nb4 16. Bh6 Qf6 17. Bxg7+ Qxg7 18. 0-0-0 Qxh7 19. Rxh7 Bxc4 20. Rxd6 fxe4 21. Rxb7 Nxa2+ 22. Nxa2 Bxa2 23. b3 e3 24. fxe3 Rxe3 25. Bxc6 Bxb3 26. Rf6+ Kg8 27. Rxb3 Rxb3 28. Bd5+ Kg7 29. Rf7+ Kg6 30. Bxb3 Rh8 31. Rxa7 Rh2 32. Bc2+ Kf6 33. Ra6+ Ke5 34. Ra4 Rg2 35. g4 Kf6 36. Bd1 Kg5 37. Rd4 Ra2 38. Rd2 Ra5 39. Kc2 1-0

[Event "Vlissingen HZ op 17th"]
[Site "Vlissingen"]
[Date "2013.08.07"]
[Round "6"]
[White "Kuling, Lody"]
[Black "Rosmuller, Anton J"]
[Result "1/2-1/2"]
[WhiteElo "2246"]
[BlackElo "2091"]
[PlyCount "95"]
[EventDate "2013.08.03"]
[EventType "swiss"]
[EventRounds "9"]
[EventCountry "NED"]
[SourceTitle "CBM 155 Extra"]
[Source "ChessBase"]
[SourceDate "2013.08.26"]
[SourceVersion "1"]
[SourceVersionDate "2013.08.26"]
[SourceQuality "1"]

1. e4 d6 2. d4 Nf6 3. Bd3 e5 4. c3 g6 5. f4 exd4 6. cxd4 Bg7 7. Nf3 0-0 8. 0-0 c5 9. dxc5 dxc5 10. e5 Nd5 11. Nc3 Be6 12. Be4 Nxc3 13. bxc3 Nc6 14. Be3 Qa5 15. Qc2 Rac8 16. f5 gxf5 17. Bxf5 Bxf5 18. Qxf5 Ne7 19. Qe4 Qa6 20. Rab1 Rc7 21. Ng5 Qg6 22. Qxg6 hxg6 23. e6 f6 24. Bf4 Rc6 25. Ne4 Rxe6 26. Nxc5 Rc6 27. Rxb7 Nd5 28. Nb3 Rf7 29. Rb8+ Rf8 30. Rxf8+ Bxf8 31. Bd2 Bd6 32. Rf3 Be5 33. Rd3 Nb6 34. Rd8+ Kf7 35. Nd4 Rc4 36. Nb5 Ra4 37. Be3 Rxa2 38. Nxa7 Nc4 39. Bc5 Nd2 40. Bd4 Ne4 41. Kf1 Bxh2 42. g4 Bf4 43. Nc6 Ng3+ 44. Ke1 Re2+ 45. Kd1 Rd2+ 46. Ke1 Re2+ 47. Kd1 Rd2+ 48. Ke1 1/2-1/2

[Event "Vlissingen HZ op 17th"]
[Site "Vlissingen"]
[Date "2013.08.06"]
[Round "5"]
[White "Rosmuller, Anton J"]
[Black "Van de Groep, William"]
[Result "1-0"]
[WhiteElo "2091"]
[BlackElo "1960"]
[PlyCount "83"]
[EventDate "2013.08.03"]
[EventType "swiss"]
[EventRounds "9"]
[EventCountry "NED"]
[SourceTitle "CBM 155 Extra"]
[Source "ChessBase"]
[SourceDate "2013.08.26"]
[SourceVersion "1"]
[SourceVersionDate "2013.08.26"]
[SourceQuality "1"]

1. d4 f5 2. g3 Nf6 3. Bg2 g6 4. Nd2 Bg7 5. e4 fxe4 6. Nxe4 Nxe4 7. Bxe4 Nc6 8. d5 Ne5 9. f4 Nf7 10. Nf3 c6 11. c3 0-0 12. Be3 Qa5 13. dxc6 bxc6 14. 0-0 d5 15. Bc2 Bg4 16. Qe1 Bxf3 17. Rxf3 e5 18. Rf2 e4 19. b4 Qc7 20. Bb3 Nh6 21. Re2 Ng4 22. Bc5 Rf7 23. Rd1 Bf8 24. Bd4 a5 25. a4 axb4 26. cxb4 g5 27. Rg2 Bg7 28. Bxg7 Kxg7 29. Qc3+ Kg6 30. h3 Nf6 31. Rf1 g4 32. f5+ Kg7 33. hxg4 Qb6+ 34. Kh1 d4 35. Qc1 Nd5 36. b5 Rd8 37. Qg5+ Kh8 38. Rc1 Rg7 39. Qh4 Ne3 40. f6 Rxg4 41. Qh5 Rg6 42. Rh2 1-0

[Event "Vlissingen HZ op 16th"]
[Site "Vlissingen"]
[Date "2012.08.10"]
[Round "8"]
[White "Rosmuller, Anton J"]
[Black "Van der Werff, Frank"]
[Result "1/2-1/2"]
[WhiteElo "2091"]
[BlackElo "1909"]
[PlyCount "44"]
[EventDate "2012.08.04"]
[EventType "swiss"]
[EventRounds "9"]
[EventCountry "NED"]
[SourceTitle "CBM 149 Extra"]
[Source "ChessBase"]
[SourceDate "2012.08.24"]
[SourceVersion "1"]
[SourceVersionDate "2012.08.24"]
[SourceQuality "1"]

1. Nf3 Nf6 2. c4 g6 3. Nc3 Bg7 4. d4 0-0 5. e4 d6 6. Bg5 h6 7. Bf4 c6 8. h3 a6 9. e5 dxe5 10. dxe5 Qxd1+ 11. Rxd1 Nfd7 12. Bd3 a5 13. 0-0 Nc5 14. Be2 Nba6 15. g4 h5 16. Nd4 f6 17. exf6 Bxf6 18. Be3 a4 19. Kg2 e5 20. Nc2 hxg4 21. hxg4 Be6 22. f3 Rad8 1/2-1/2

[Event "Vlissingen HZ op 15th"]
[Site "Vlissingen"]
[Date "2011.08.01"]
[Round "4"]
[White "Zaragatski, Ilja"]
[Black "Rosmuller, Anton J"]
[Result "1-0"]
[WhiteElo "2469"]
[BlackElo "2091"]
[PlyCount "117"]
[EventDate "2011.07.30"]
[EventType "swiss"]
[EventRounds "9"]
[EventCountry "NED"]
[SourceTitle "CBM 143 Extra"]
[Source "ChessBase"]
[SourceDate "2011.08.29"]
[SourceVersion "1"]
[SourceVersionDate "2011.08.29"]
[SourceQuality "1"]

1. Nf3 Nf6 2. g3 b5 3. Na3 a6 4. c4 b4 5. Nc2 e6 6. Bg2 Bb7 7. d4 a5 8. 0-0 Be4 9. Bh3 c5 10. Be3 Qb6 11. d5 h6 12. Nd2 Bh7 13. Bf4 Bd6 14. Bxd6 Qxd6 15. Bg2 e5 16. a3 b3 17. Nxb3 Qb6 18. Ne1 d6 19. Ra2 0-0 20. Nd2 Nbd7 21. e4 a4 22. Nd3 Qa6 23. Qc2 Rab8 24. f3 Nb6 25. Raa1 Nfd7 26. Bh3 Nf6 27. Rae1 Rfe8 28. Nf2 Re7 29. Nd1 Reb7 30. Rf2 Nbd7 31. Bf1 Qa5 32. Bd3 g5 33. Ref1 Kh8 34. Nb1 Rg8 35. Nbc3 Nb6 36. Nb5 Rd7 37. Rg2 Nh5 38. Kf2 Bg6 39. Ke2 Qa8 40. Kd2 f6 41. Kc1 Be8 42. Kb1 Rd8 43. Nc7 Qb7 44. Ne6 Rb8 45. Ne3 Bg6 46. f4 exf4 47. gxf4 Nd7 48. Ng4 Nxf4 49. Nxf4 gxf4 50. Nxh6 Rg7 51. Rxf4 Ne5 52. Ng4 Bh7 53. Nxe5 Rxg2 54. Qxg2 fxe5 55. Rf2 Qb3 56. Qf3 Rg8 57. Qf6+ Rg7 58. Bc2 Qb7 59. Qxd6 1-0

[Event "Vlissingen HZ op 15th"]
[Site "Vlissingen"]
[Date "2011.07.31"]
[Round "2"]
[White "Rosmuller, Anton J"]
[Black "Henrichs, Thomas"]
[Result "1-0"]
[WhiteElo "2091"]
[BlackElo "2475"]
[PlyCount "61"]
[EventDate "2011.07.30"]
[EventType "swiss"]
[EventRounds "9"]
[EventCountry "NED"]
[SourceTitle "CBM 143 Extra"]
[Source "ChessBase"]
[SourceDate "2011.08.29"]
[SourceVersion "1"]
[SourceVersionDate "2011.08.29"]
[SourceQuality "1"]

1. d4 Nf6 2. c4 g6 3. Nc3 d5 4. cxd5 Nxd5 5. Qb3 Nxc3 6. bxc3 Bg7 7. Nf3 0-0 8. Ba3 b6 9. e3 c5 10. Rd1 Qc7 11. Be2 Nc6 12. d5 Na5 13. Qc2 e6 14. c4 Re8 15. Bb2 Bxb2 16. Qxb2 Bb7 17. d6 Qd8 18. h4 f6 19. h5 e5 20. hxg6 hxg6 21. Nh4 Kg7 22. Nxg6 Kxg6 23. Bh5+ Kg7 24. Bxe8 Qxe8 25. d7 Qg8 26. Qc2 Rd8 27. Qf5 Bxg2 28. Rh4 Kf7 29. Rh7+ Qxh7 30. Qxh7+ Ke6 31. f3 1-0

[Event "Vlissingen HZ op 14th"]
[Site "Vlissingen"]
[Date "2010.08.08"]
[Round "2"]
[White "Fedorchuk, Sergey A"]
[Black "Rosmuller, Anton J"]
[Result "1-0"]
[WhiteElo "2665"]
[BlackElo "2117"]
[PlyCount "59"]
[EventDate "2010.08.07"]
[EventType "swiss"]
[EventRounds "9"]
[EventCountry "NED"]
[SourceTitle "CBM 137 Extra"]
[Source "ChessBase"]
[SourceDate "2010.09.01"]
[SourceVersion "1"]
[SourceVersionDate "2010.09.01"]
[SourceQuality "1"]

1. e4 c6 2. d4 d5 3. Nd2 dxe4 4. Nxe4 Bf5 5. Ng3 Bg6 6. Nh3 e6 7. Nf4 Bd6 8. c3 Nf6 9. h4 Bxf4 10. Bxf4 h6 11. h5 Bh7 12. Qb3 Qb6 13. Qa3 Nbd7 14. Bd6 e5 15. Be2 exd4 16. cxd4 Qxd4 17. 0-0 0-0-0 18. Rac1 Nb6 19. Rfd1 Rxd6 20. Rxd4 Rxd4 21. Qxa7 Kc7 22. Qa3 Rhd8 23. b4 Nfd5 24. b5 Rb4 25. Nf1 g5 26. Ne3 Nf4 27. Bf1 Ra4 28. Qe7+ Nd7 29. bxc6 bxc6 30. Bb5 1-0

[Event "Vlissingen HZ op 12th"]
[Site "Vlissingen"]
[Date "2008.08.07"]
[Round "7"]
[White "Genzling, Alain"]
[Black "Rosmuller, Anton J"]
[Result "1-0"]
[WhiteElo "2326"]
[BlackElo "2103"]
[PlyCount "71"]
[EventDate "2008.08.02"]
[EventType "swiss"]
[EventRounds "9"]
[EventCountry "NED"]
[SourceTitle "CBM 125 Extra"]
[Source "ChessBase"]
[SourceDate "2008.09.01"]
[SourceVersion "1"]
[SourceVersionDate "2008.09.01"]
[SourceQuality "1"]

1. e4 c5 2. Nf3 d6 3. d4 cxd4 4. Nxd4 Nf6 5. Nc3 a6 6. g3 e6 7. Bg2 Be7 8. 0-0 0-0 9. Be3 Bd7 10. f4 Nc6 11. Nb3 b5 12. a3 Qc7 13. Kh1 Rab8 14. g4 Bc8 15. g5 Nd7 16. Qh5 Re8 17. Rf3 b4 18. axb4 Nxb4 19. Nd4 g6 20. Qh6 Bf8 21. Qh4 Bg7 22. Raf1 d5 23. exd5 exd5 24. f5 Qc4 25. f6 Bf8 26. Rh3 h5 27. gxh6 Kh7 28. Nf3 Ne5 29. Ng5+ Kh8 30. Nxd5 Qxh4 31. Rxh4 Nxd5 32. Bxd5 Bb7 33. Bxb7 Rxb7 34. Re4 Bxh6 35. Nxf7+ Rxf7 36. Bxh6 1-0